000 01031nam a2200349 i 4500
999 _c65789
_d65789
001 768714001
003 CO-MdFUSB
005 20201117102839.0
007 ta
008 990312t1997 ne 000 0 eng d
020 _a[No incluye ISBN]
040 _aES-MaCSI.
_bspa.
_cCO-MdFUSB
_dCO-MdFUSBC
_erda
041 _aeng
082 _223
_a296.155
_bW491
100 1 _aWernberg-Moller, P.
_eautor
245 4 _aThe manual of discipline.
_c/ Wernberg-Moller
260 _bE.J. Brill,
_c1957
264 1 _aLeiden :
_bBrill Academic Publishers,
_c[1997]
264 4 _c1997
300 _a180 páginas. ;
_c24 cm
336 _2rdacontent
_atexto
_btxt
337 _2rdamedia
_asin mediación
_bn
338 _2rdacarrier
_avolumen
_bnc
490 1 _aStudies on the texts of the desert of Judah ;
501 _aIncluye anotación e introducción.
563 _aRústico
650 0 _91206
_aDisciplina eclesiástica
653 _aQumran -- Escritos.
942 _cBK
945 _aJTF-925